| 000 | 00586nam a2200205 a 4500 | ||
|---|---|---|---|
| 001 | 000046768 | ||
| 005 | 20250217092805.0 | ||
| 008 | 180322s2016 dr 000 0 spa d | ||
| 020 | _a9789945903928 | ||
| 040 |
_aDO-SdBNP _bspa _cBNPHU |
||
| 082 |
_axxxx _bxxxx |
||
| 100 | 1 |
_aJuanes, Benigno _d1916-2009 _9442 |
|
| 245 | 1 | 0 |
_aTentaciones de los servidores / _cBenigno Juanes. |
| 250 | _a5a ed. | ||
| 260 |
_aSanto Domingo : _bAmigo del Hogar, _c2016. |
||
| 300 |
_a291 p. ; _c22 cm. |
||
| 490 | 1 |
_aTorrentes ; _v5 |
|
| 590 | _aInventariado, 2018/BT | ||
| 830 | 0 |
_aTorrentes ; _n5 _974737 |
|
| 999 |
_c46257 _d46257 |
||